000 00632nam a2200277Ia 4500
005 20260324130659.0
008 008 260324s9999 xx 000 0 eng d
020 _a9781315222295
037 _aEBOOK
040 _aCRL
040 _beng
040 _cCRL
041 _2eng
041 _aeng
084 _qCRL
100 _aBrian J. Thompson; Milton Laikin
_91182690
245 0 _aLens Design
260 _bTaylor and Francis
260 _c2007
365 _a
365 _b400
856 _uhttp://www.taylorfrancis.com/books/9781315222295
942 _cEBOOK
999 _c1779071
_d1779071